| 000 | 00603nam a22002052 4500 | ||
|---|---|---|---|
| 001 | 0000004701 | ||
| 005 | 20151217151938.0 | ||
| 008 | 070528s xx 000 0 eng d | ||
| 040 |
_aKABU _cKABU |
||
| 050 | 0 |
_aQK711.2 _b.B66 |
|
| 100 | 1 |
_aBonner, James. _@0000155411 |
|
| 245 | 1 | 0 |
_aPrinciples of plant physiology / _cJames Bonner, Arthur G. Galston. |
| 260 |
_aLondon : _bWH Freeman, _c1952. |
||
| 300 | _aix, 499 p. | ||
| 650 | 0 |
_aPlant physiology. _@0000155410 |
|
| 700 | 1 |
_aGalston, A. G. _@0000155412 |
|
| 908 | _a070528 | ||
| 950 | _@1 | ||
| 999 |
_c6604 _d6604 |
||